书目信息 |
| 题名: |
趣味图解英语词源
|
|
| 作者: | 鲁常英 著 | |
| 分册: | ||
| 出版信息: | 北京 中国纺织出版社 2019 |
|
| 页数: | 268页 | |
| 开本: | 24cm | |
| 丛书名: | ||
| 单 册: | ||
| 中图分类: | H313.9-64 , H313.9 | |
| 科图分类: | ||
| 主题词: | 英语--词源--图解 | |
| 电子资源: | ||
| ISBN: | 978-7-5180-5940-9 | |
| 000 | 00991nam0 2200229 450 | |
| 001 | 2365186145 | |
| 005 | 20231103180641.68 | |
| 010 | @a978-7-5180-5940-9@dCNY68.80 | |
| 100 | @a20190510d2019 em y0chiy0110 ea | |
| 101 | 0 | @achi |
| 102 | @aCN@b110000 | |
| 105 | @aa z 000yy | |
| 200 | 1 | @a趣味图解英语词源@9qu wei tu jie ying yu ci yuan@f鲁常英著 |
| 210 | @a北京@c中国纺织出版社@d2019 | |
| 215 | @a268页@c图@d24cm | |
| 330 | @a面对纷繁复杂的海量词汇,到底运用什么样的方法才能快速准确地将这些单词牢牢记住呢?其实所有的文字都是人们表达思维的一种方式,英语单词也不例外,想要记得快、记得牢,就要了解每一个单词的造词思维和逻辑内涵。本书借助象形图解和逻辑推理法,将单词进行解构细分,帮助广大读者了解英语单词的演化过程,让读者真正理解单词的含义,并使记忆单词的过程变得更加生动有趣。 | |
| 606 | 0 | @a英语@x词源@j图解 |
| 690 | @aH313.9-64@v5 | |
| 690 | @aH313.9@v4 | |
| 701 | 0 | @a鲁常英@9lu chang ying@4著 |
| 801 | 0 | @aCN@b大连网信软件有限公司图书馆·11@c20231103 |
| 905 | @aBZT@dH313.9@e151 | |
| 趣味图解英语词源/鲁常英著.-北京:中国纺织出版社,2019 |
| 268页:图;24cm |
| ISBN 978-7-5180-5940-9:CNY68.80 |
| 面对纷繁复杂的海量词汇,到底运用什么样的方法才能快速准确地将这些单词牢牢记住呢?其实所有的文字都是人们表达思维的一种方式,英语单词也不例外,想要记得快、记得牢,就要了解每一个单词的造词思维和逻辑内涵。本书借助象形图解和逻辑推理法,将单词进行解构细分,帮助广大读者了解英语单词的演化过程,让读者真正理解单词的含义,并使记忆单词的过程变得更加生动有趣。 |
| ● |
| 相关链接 |
|
|
|
正题名:趣味图解英语词源
索取号:H313.9/151
 
预约/预借
| 序号 | 登录号 | 条形码 | 馆藏地/架位号 | 状态 | 备注 |
| 1 | 2000944945 | 2000944945 | 安徽、中教混合/安徽时代(第一批)/4/ [索取号:H313.9/151] | 在馆 | |
| 2 | 2000944946 | 2000944946 | 安徽、中教混合/安徽时代(第一批)/4/ [索取号:H313.9/151] | 在馆 | |
| 3 | 2000944947 | 2000944947 | 安徽、中教混合/安徽时代(第一批)/4/ [索取号:H313.9/151] | 在馆 | |
| 4 | 2000944948 | 2000944948 | 安徽、中教混合/安徽时代(第一批)/4/ [索取号:H313.9/151] | 在馆 | |
| 5 | 2000944949 | 2000944949 | 安徽、中教混合/安徽时代(第一批)/4/ [索取号:H313.9/151] | 在馆 | |
| 6 | 2000944950 | 2000944950 | 安徽、中教混合/安徽时代(第一批)/4/ [索取号:H313.9/151] | 在馆 |